KOHA-Header-6

Fundamentals of Corporate Finance (Record no. 1278)

000 -LEADER
fixed length control field 00341nam a2200133Ia 4500
008 - FIXED-LENGTH DATA ELEMENTS--GENERAL INFORMATION
fixed length control field 190723s9999 xx 000 0 und d
020 ## - INTERNATIONAL STANDARD BOOK NUMBER
International Standard Book Number 13:978-1-25-902762-8
100 ## - MAIN ENTRY--PERSONAL NAME
Personal name Ross Westerfield Jordan
245 #0 - TITLE STATEMENT
Title Fundamentals of Corporate Finance
250 ## - EDITION STATEMENT
Edition statement 9th
260 ## - PUBLICATION, DISTRIBUTION, ETC. (IMPRINT)
Place of publication, distribution, etc New Delhi
Name of publisher, distributor, etc MCGraw Hill
Date of publication, distribution, etc 2017
300 ## - PHYSICAL DESCRIPTION
Extent 900
942 ## - ADDED ENTRY ELEMENTS (KOHA)
Koha item type Books
Holdings
Withdrawn status Lost status Source of classification or shelving scheme Damaged status Not for loan Collection code Permanent Location Current Location Shelving location Date acquired Total Checkouts Total Renewals Full call number Barcode Date last seen Date checked out Price effective from Koha item type
          Finance MAJU MAJU Shelf No.B44 2019-07-23 5 5 658.15 7903 2022-10-01 2022-09-17 2019-07-23 Finance

Powered by Koha